[Event "DEM U12 2025"]
[Site "Willingen GER"]
[Date "2025.06.13"]
[Round "8"]
[White "Prashanthakumar, Arnesh"]
[Black "Nikonenko, Tymofii"]
[Result "1-0"]
[Termination "normal"]
[Board "30"]
[WhiteElo "1564"]
[BlackElo "1495"]
[WhiteClock "00:19:25"]
[BlackClock "00:19:06"]
[PlyCount "147"]
[WhiteFideId "34604073"]
[BlackFideId "34166246"]
[EventCountry "GER"]
[EventRounds "9"]
[EventType "swiss"]
[EventDate "2025.06.07"]

1. e4 {[%clk 01:30:58]} {[%emt 00:00:01]} e5 {[%clk 01:30:55]} {[%emt
00:00:06]} 2. Bc4 {[%clk 01:31:19]} {[%emt 00:00:08]} Nc6 {[%clk 01:31:18]}
{[%emt 00:00:07]} 3. Nc3 {[%clk 01:31:42]} {[%emt 00:00:08]} Bc5 {[%clk
01:31:33]} {[%emt 00:00:14]} 4. Qg4 {[%clk 01:31:52]} {[%emt 00:00:20]} Kf8
{[%clk 01:30:51]} {[%emt 00:01:13]} 5. Qf3 {[%clk 01:31:50]} {[%emt 00:00:31]}
Nf6 {[%clk 01:31:17]} {[%emt 00:00:05]} 6. Nge2 {[%clk 01:30:58]} {[%emt
00:01:21]} d6 {[%clk 01:31:41]} {[%emt 00:00:07]} 7. h3 {[%clk 01:30:25]}
{[%emt 00:01:02]} a6 {[%clk 01:31:52]} {[%emt 00:00:19]} 8. d3 {[%clk
01:30:09]} {[%emt 00:00:46]} h6 {[%clk 01:32:10]} {[%emt 00:00:12]} 9. Be3
{[%clk 01:29:32]} {[%emt 00:01:06]} Nd4 {[%clk 01:32:29]} {[%emt 00:00:12]} 10.
Bxd4 {[%clk 01:29:08]} {[%emt 00:00:54]} Bxd4 {[%clk 01:32:16]} {[%emt
00:00:43]} 11. Nxd4 {[%clk 01:27:34]} {[%emt 00:02:04]} exd4 {[%clk 01:32:39]}
{[%emt 00:00:07]} 12. Nd5 {[%clk 01:26:43]} {[%emt 00:01:21]} Nxd5 {[%clk
01:32:20]} {[%emt 00:00:50]} 13. Bxd5 {[%clk 01:26:45]} {[%emt 00:00:27]} Qe7
{[%clk 01:32:33]} {[%emt 00:00:16]} 14. O-O {[%clk 01:25:49]} {[%emt 00:01:27]}
a5 {[%clk 01:31:46]} {[%emt 00:01:18]} 15. a3 {[%clk 01:23:22]} {[%emt
00:02:57]} c6 {[%clk 01:30:37]} {[%emt 00:01:39]} 16. Ba2 {[%clk 01:23:15]}
{[%emt 00:00:35]} Be6 {[%clk 01:30:53]} {[%emt 00:00:15]} 17. Bxe6 {[%clk
01:22:29]} {[%emt 00:01:16]} Qxe6 {[%clk 01:27:48]} {[%emt 00:03:35]} 18. Rae1
{[%clk 01:22:06]} {[%emt 00:00:53]} f6 {[%clk 01:26:59]} {[%emt 00:01:19]} 19.
Qg3 {[%clk 01:20:07]} {[%emt 00:02:28]} g5 {[%clk 01:23:08]} {[%emt 00:04:21]}
20. f4 {[%clk 01:15:40]} {[%emt 00:04:57]} Kg7 {[%clk 01:15:58]} {[%emt
00:07:40]} 21. e5 {[%clk 01:12:19]} {[%emt 00:03:52]} dxe5 {[%clk 01:15:20]}
{[%emt 00:01:08]} 22. fxe5 {[%clk 01:09:50]} {[%emt 00:02:59]} f5 {[%clk
01:14:13]} {[%emt 00:01:37]} 23. Qf2 {[%clk 01:08:51]} {[%emt 00:01:29]} f4
{[%clk 01:11:24]} {[%emt 00:03:19]} 24. Qxd4 {[%clk 01:05:52]} {[%emt
00:03:29]} Rhd8 {[%clk 01:10:46]} {[%emt 00:01:07]} 25. Qe4 {[%clk 01:04:57]}
{[%emt 00:01:25]} Rd7 {[%clk 01:06:50]} {[%emt 00:04:27]} 26. Rf3 {[%clk
00:57:44]} {[%emt 00:07:42]} Rf8 {[%clk 01:05:03]} {[%emt 00:02:17]} 27. Ref1
{[%clk 00:55:07]} {[%emt 00:03:08]} Rd5 {[%clk 01:02:43]} {[%emt 00:02:49]} 28.
d4 {[%clk 00:54:35]} {[%emt 00:01:03]} Rdd8 {[%clk 00:55:31]} {[%emt 00:07:43]}
29. Rc1 {[%clk 00:42:31]} {[%emt 00:12:33]} Rde8 {[%clk 00:52:21]} {[%emt
00:03:41]} 30. c4 {[%clk 00:38:42]} {[%emt 00:04:19]} Qf5 {[%clk 00:48:11]}
{[%emt 00:04:40]} 31. Qxf5 {[%clk 00:37:29]} {[%emt 00:01:43]} Rxf5 {[%clk
00:47:25]} {[%emt 00:01:15]} 32. Rb3 {[%emt 00:02:42]} Rf7 {[%clk 00:46:06]}
33. Re1 {[%clk 00:36:21]} {[%emt 00:01:17]} Rfe7 {[%clk 00:45:47]} {[%emt
00:00:49]} 34. Rb6 {[%clk 00:34:01]} {[%emt 00:02:51]} Rd8 {[%clk 00:45:52]}
{[%emt 00:00:25]} 35. Re4 {[%clk 00:25:55]} {[%emt 00:08:35]} Kg6 {[%clk
00:45:05]} {[%emt 00:01:17]} 36. d5 {[%clk 00:20:00]} {[%emt 00:06:26]} Kf5
{[%clk 00:42:02]} {[%emt 00:03:32]} 37. d6 {[%clk 00:17:50]} {[%emt 00:02:41]}
Kxe4 {[%clk 00:39:09]} {[%emt 00:03:23]} 38. dxe7 {[%clk 00:18:01]} {[%emt
00:00:19]} Re8 {[%clk 00:39:34]} {[%emt 00:00:04]} 39. Rxb7 {[%clk 00:17:49]}
{[%emt 00:00:42]} Kxe5 {[%clk 00:39:54]} {[%emt 00:00:11]} 40. b4 {[%clk
00:16:18]} {[%emt 00:02:01]} axb4 {[%clk 00:38:37]} {[%emt 00:01:46]} 41. axb4
{[%clk 00:16:35]} {[%emt 00:00:13]} Kd6 {[%clk 00:32:32]} {[%emt 00:06:35]} 42.
Kf2 {[%clk 00:13:33]} {[%emt 00:03:33]} Rxe7 {[%clk 00:32:10]} {[%emt
00:00:51]} 43. Rxe7 {[%clk 00:12:27]} {[%emt 00:01:36]} Kxe7 {[%clk 00:32:38]}
{[%emt 00:00:02]} 44. Kf3 {[%clk 00:12:50]} {[%emt 00:00:08]} Kd6 {[%clk
00:31:06]} {[%emt 00:02:02]} 45. Kg4 {[%clk 00:12:48]} {[%emt 00:00:31]} Ke5
{[%clk 00:14:39]} {[%emt 00:16:57]} 46. Kh5 {[%clk 00:10:42]} {[%emt 00:02:36]}
Kd4 {[%clk 00:13:14]} {[%emt 00:01:56]} 47. b5 {[%clk 00:11:02]} {[%emt
00:00:10]} cxb5 {[%clk 00:12:27]} {[%emt 00:01:16]} 48. cxb5 {[%clk 00:11:27]}
{[%emt 00:00:06]} Kc5 {[%clk 00:12:54]} {[%emt 00:00:03]} 49. Kxh6 {[%clk
00:11:41]} {[%emt 00:00:16]} Kxb5 {[%clk 00:13:22]} {[%emt 00:00:01]} 50. Kxg5
{[%clk 00:12:02]} {[%emt 00:00:08]} Kc6 {[%clk 00:13:46]} {[%emt 00:00:06]} 51.
Kxf4 {[%clk 00:11:50]} {[%emt 00:00:43]} Kd7 {[%clk 00:12:27]} {[%emt
00:01:50]} 52. Kf5 {[%clk 00:12:11]} {[%emt 00:00:08]} Ke8 {[%clk 00:12:55]}
{[%emt 00:00:02]} 53. Kg6 {[%clk 00:12:34]} {[%emt 00:00:07]} Kf8 {[%clk
00:13:22]} {[%emt 00:00:02]} 54. Kh7 {[%clk 00:12:47]} {[%emt 00:00:17]} Kf7
{[%clk 00:13:51]} {[%emt 00:00:02]} 55. g4 {[%clk 00:13:09]} {[%emt 00:00:06]}
Kf6 {[%clk 00:14:17]} {[%emt 00:00:05]} 56. h4 {[%clk 00:13:32]} {[%emt
00:00:06]} Ke5 {[%clk 00:14:46]} {[%emt 00:00:02]} 57. g5 {[%clk 00:13:52]}
{[%emt 00:00:11]} Ke6 {[%clk 00:14:59]} {[%emt 00:00:16]} 58. g6 {[%clk
00:14:17]} {[%emt 00:00:05]} Ke7 {[%clk 00:15:26]} {[%emt 00:00:03]} 59. g7
{[%clk 00:14:43]} {[%emt 00:00:04]} Ke6 {[%clk 00:15:53]} {[%emt 00:00:02]} 60.
g8=Q+ {[%clk 00:14:39]} {[%emt 00:00:12]} Ke5 {[%clk 00:15:35]} {[%emt
00:01:10]} 61. Qg4 {[%clk 00:14:09]} {[%emt 00:01:00]} Kf6 {[%clk 00:15:29]}
{[%emt 00:00:37]} 62. Qh5 {[%clk 00:14:23]} {[%emt 00:00:17]} Ke6 {[%clk
00:15:55]} {[%emt 00:00:04]} 63. Qg5 {[%clk 00:14:48]} {[%emt 00:00:05]} Kd6
{[%clk 00:16:22]} {[%emt 00:00:02]} 64. Qf5 {[%clk 00:15:11]} {[%emt 00:00:07]}
Kc6 {[%clk 00:16:39]} {[%emt 00:00:13]} 65. Qe5 {[%clk 00:15:38]} {[%emt
00:00:03]} Kb6 {[%clk 00:17:04]} {[%emt 00:00:04]} 66. Qd5 {[%clk 00:16:05]}
{[%emt 00:00:03]} Ka6 {[%clk 00:17:29]} {[%emt 00:00:05]} 67. Qc5 {[%clk
00:16:32]} {[%emt 00:00:04]} Kb7 {[%clk 00:17:54]} {[%emt 00:00:04]} 68. Qd6
{[%clk 00:16:55]} {[%emt 00:00:08]} Kc8 {[%clk 00:18:14]} {[%emt 00:00:09]} 69.
Qe7 {[%clk 00:17:18]} {[%emt 00:00:07]} Kb8 {[%clk 00:18:34]} {[%emt 00:00:11]}
70. Kg6 {[%clk 00:17:44]} {[%emt 00:00:04]} Kc8 {[%clk 00:18:26]} {[%emt
00:00:37]} 71. h5 {[%clk 00:18:10]} {[%emt 00:00:04]} Kb8 {[%clk 00:18:18]}
{[%emt 00:00:39]} 72. h6 {[%clk 00:18:36]} {[%emt 00:00:04]} Kc8 {[%clk
00:18:44]} {[%emt 00:00:04]} 73. h7 {[%clk 00:19:02]} {[%emt 00:00:05]} Kb8
{[%clk 00:19:06]} {[%emt 00:00:08]} 74. h8=R# {[%clk 00:19:25]} {[%emt
00:00:07]} 1-0

[Event "DEM U12 2025"]
[Site "Willingen GER"]
[Date "2025.06.13"]
[Round "8"]
[White "König, Lian"]
[Black "Aliyev, Amil"]
[Result "1-0"]
[Termination "normal"]
[Board "31"]
[WhiteElo "1450"]
[BlackElo "1664"]
[WhiteClock "00:20:00"]
[BlackClock "00:28:34"]
[PlyCount "119"]
[WhiteFideId "34660216"]
[BlackFideId "34687270"]
[EventCountry "GER"]
[EventRounds "9"]
[EventType "swiss"]
[EventDate "2025.06.07"]

1. Nf3 {[%clk 01:30:58]} {[%emt 00:00:01]} d5 {[%clk 01:30:57]} {[%emt
00:00:04]} 2. g3 {[%clk 01:31:19]} {[%emt 00:00:09]} Nf6 {[%clk 01:31:24]}
{[%emt 00:00:03]} 3. Bg2 {[%clk 01:31:19]} {[%emt 00:00:29]} e6 {[%clk
01:31:50]} {[%emt 00:00:04]} 4. O-O {[%clk 01:30:59]} {[%emt 00:00:50]} Be7
{[%clk 01:32:18]} {[%emt 00:00:03]} 5. d4 {[%clk 01:31:02]} {[%emt 00:00:28]}
O-O {[%clk 01:32:44]} {[%emt 00:00:03]} 6. c4 {[%clk 01:30:18]} {[%emt
00:01:14]} dxc4 {[%clk 01:33:10]} {[%emt 00:00:04]} 7. Nbd2 {[%clk 01:28:17]}
{[%emt 00:02:30]} Bd7 {[%clk 01:24:14]} {[%emt 00:09:27]} 8. Nxc4 {[%clk
01:25:06]} {[%emt 00:03:40]} Bc6 {[%clk 01:18:11]} {[%emt 00:06:34]} 9. b3
{[%clk 01:17:24]} {[%emt 00:08:13]} Bd5 {[%clk 01:10:06]} {[%emt 00:08:35]} 10.
Bb2 {[%clk 01:10:48]} {[%emt 00:07:05]} Nbd7 {[%clk 01:00:16]} {[%emt
00:10:20]} 11. Rc1 {[%clk 01:04:38]} {[%emt 00:06:40]} c5 {[%clk 00:42:11]}
{[%emt 00:18:36]} 12. e3 {[%clk 00:58:01]} {[%emt 00:07:06]} cxd4 {[%clk
00:38:30]} {[%emt 00:04:10]} 13. Bxd4 {[%clk 00:57:02]} {[%emt 00:01:30]} Bc5
{[%clk 00:26:26]} {[%emt 00:12:33]} 14. Bb2 {[%clk 00:55:17]} {[%emt 00:02:15]}
Qe7 {[%clk 00:19:48]} {[%emt 00:07:08]} 15. Qe2 {[%clk 00:51:04]} {[%emt
00:04:42]} Rac8 {[%clk 00:15:03]} {[%emt 00:05:18]} 16. Rfd1 {[%clk 00:48:11]}
{[%emt 00:03:22]} Rfd8 {[%clk 00:12:24]} {[%emt 00:03:09]} 17. Nfe5 {[%clk
00:38:29]} {[%emt 00:10:12]} Bxg2 {[%clk 00:07:36]} {[%emt 00:05:19]} 18. Kxg2
{[%clk 00:37:14]} {[%emt 00:01:45]} Nxe5 {[%clk 00:02:44]} {[%emt 00:05:22]}
19. Nxe5 {[%clk 00:34:43]} {[%emt 00:03:01]} Rxd1 {[%clk 00:01:21]} {[%emt
00:01:52]} 20. Qxd1 {[%clk 00:33:45]} {[%emt 00:01:29]} b6 {[%clk 00:00:45]}
{[%emt 00:01:06]} 21. Qe2 {[%clk 00:30:28]} {[%emt 00:03:46]} h6 {[%clk
00:00:34]} {[%emt 00:00:42]} 22. Kg1 {[%clk 00:28:36]} {[%emt 00:02:21]} Nd7
{[%clk 00:00:34]} {[%emt 00:00:31]} 23. b4 {[%clk 00:27:20]} {[%emt 00:01:46]}
Nxe5 {[%clk 00:00:36]} {[%emt 00:00:27]} 24. Bxe5 {[%clk 00:27:39]} {[%emt
00:00:11]} f6 {[%clk 00:00:41]} {[%emt 00:00:26]} 25. Bb2 {[%clk 00:27:32]}
{[%emt 00:00:38]} Qb7 {[%clk 00:00:31]} {[%emt 00:00:39]} 26. bxc5 {[%clk
00:26:17]} {[%emt 00:01:44]} bxc5 {[%clk 00:00:39]} {[%emt 00:00:22]} 27. Ba3
{[%clk 00:25:25]} {[%emt 00:01:22]} Qd5 {[%clk 00:00:40]} {[%emt 00:00:29]} 28.
Qc4 {[%clk 00:23:59]} {[%emt 00:01:56]} Qd6 {[%clk 00:00:37]} {[%emt 00:00:32]}
29. Qd4 {[%clk 00:18:57]} {[%emt 00:05:32]} Qa6 {[%clk 00:00:33]} {[%emt
00:00:35]} 30. Rxc5 {[%clk 00:17:43]} {[%emt 00:01:43]} Rxc5 {[%clk 00:00:39]}
{[%emt 00:00:25]} 31. Qxc5 {[%clk 00:17:51]} {[%emt 00:00:22]} Kh7 {[%clk
00:00:48]} {[%emt 00:00:20]} 32. Qc2+ {[%clk 00:17:25]} {[%emt 00:00:56]} f5
{[%clk 00:01:05]} {[%emt 00:00:12]} 33. Qc3 {[%clk 00:16:42]} {[%emt 00:01:12]}
Qb6 {[%clk 00:01:12]} {[%emt 00:00:24]} 34. Qb2 {[%clk 00:15:44]} {[%emt
00:01:28]} Qd8 {[%clk 00:01:29]} {[%emt 00:00:14]} 35. Qd4 {[%clk 00:14:54]}
{[%emt 00:01:20]} Qb8 {[%clk 00:01:45]} {[%emt 00:00:13]} 36. Qb2 {[%clk
00:11:39]} {[%emt 00:03:45]} Qd8 {[%clk 00:01:38]} {[%emt 00:00:38]} 37. Qc1
{[%clk 00:10:37]} {[%emt 00:01:31]} Qd5 {[%clk 00:01:11]} {[%emt 00:00:56]} 38.
Qc5 {[%clk 00:07:52]} {[%emt 00:03:17]} Qxa2 {[%clk 00:01:19]} {[%emt
00:00:22]} 39. Qxa7 {[%clk 00:06:25]} {[%emt 00:01:57]} Qb1+ {[%clk 00:01:30]}
{[%emt 00:00:19]} 40. Kg2 {[%clk 00:06:49]} {[%emt 00:00:07]} Qe4+ {[%clk
00:01:42]} {[%emt 00:00:18]} 41. f3 {[%clk 00:06:10]} {[%emt 00:01:09]} Qc2+
{[%clk 00:02:06]} {[%emt 00:00:06]} 42. Kh3 {[%clk 00:05:34]} {[%emt 00:01:06]}
h5 {[%clk 00:00:32]} {[%emt 00:02:04]} 43. Bf8 {[%clk 00:05:00]} {[%emt
00:01:03]} Qb2 {[%clk 00:00:43]} {[%emt 00:00:20]} 44. Qf7 {[%clk 00:05:06]}
{[%emt 00:00:23]} Qa1 {[%clk 00:26:05]} {[%emt 00:05:08]} 45. Kh4 {[%clk
00:24:41]} {[%emt 00:10:56]} Qb2 {[%clk 00:25:36]} {[%emt 00:00:55]} 46. Qxg7+
{[%clk 00:21:49]} {[%emt 00:03:25]} Qxg7 {[%clk 00:25:59]} {[%emt 00:00:07]}
47. Bxg7 {[%clk 00:22:11]} {[%emt 00:00:08]} Kxg7 {[%clk 00:26:26]} {[%emt
00:00:03]} 48. Kxh5 {[%clk 00:22:19]} {[%emt 00:00:23]} Kf7 {[%clk 00:26:21]}
{[%emt 00:00:35]} 49. Kg5 {[%clk 00:21:57]} {[%emt 00:00:51]} Kg7 {[%clk
00:26:36]} {[%emt 00:00:15]} 50. h4 {[%clk 00:22:15]} {[%emt 00:00:13]} Kf7
{[%clk 00:26:52]} {[%emt 00:00:13]} 51. h5 {[%clk 00:22:26]} {[%emt 00:00:19]}
Kg7 {[%clk 00:27:19]} {[%emt 00:00:03]} 52. g4 {[%clk 00:21:12]} {[%emt
00:01:44]} fxg4 {[%clk 00:26:26]} {[%emt 00:01:23]} 53. fxg4 {[%clk 00:21:05]}
{[%emt 00:00:36]} Kf7 {[%clk 00:26:47]} {[%emt 00:00:10]} 54. h6 {[%clk
00:20:13]} {[%emt 00:01:22]} e5 {[%clk 00:27:10]} {[%emt 00:00:08]} 55. Kf5
{[%clk 00:19:33]} {[%emt 00:01:09]} e4 {[%clk 00:27:25]} {[%emt 00:00:14]} 56.
Kxe4 {[%clk 00:19:42]} {[%emt 00:00:22]} Kg6 {[%clk 00:27:52]} {[%emt
00:00:03]} 57. g5 {[%clk 00:19:52]} {[%emt 00:00:19]} Kh7 {[%clk 00:28:16]}
{[%emt 00:00:06]} 58. Kd5 {[%clk 00:20:16]} {[%emt 00:00:07]} Kh8 {[%clk
00:28:08]} {[%emt 00:00:38]} 59. g6 {[%clk 00:20:14]} {[%emt 00:00:31]} Kg8
{[%clk 00:28:34]} {[%emt 00:00:04]} 60. e4 {[%clk 00:20:00]} {[%emt 00:00:44]}
1-0

[Event "DEM U12 2025"]
[Site "Willingen GER"]
[Date "2025.06.13"]
[Round "8"]
[White "Tran, Nhat Nam"]
[Black "Hübner, Paul"]
[Result "1/2-1/2"]
[Termination "normal"]
[Board "32"]
[WhiteElo "1341"]
[BlackElo "1849"]
[WhiteClock "00:17:34"]
[BlackClock "01:17:02"]
[PlyCount "43"]
[WhiteFideId "34692193"]
[BlackFideId "34684115"]
[EventCountry "GER"]
[EventRounds "9"]
[EventType "swiss"]
[EventDate "2025.06.07"]

1. d4 {[%clk 01:30:58]} {[%emt 00:00:02]} Nf6 {[%clk 01:29:44]} {[%emt
00:01:17]} 2. Nf3 {[%clk 01:31:19]} {[%emt 00:00:09]} e6 {[%clk 01:29:58]}
{[%emt 00:00:16]} 3. Bf4 {[%clk 01:31:08]} {[%emt 00:00:41]} c5 {[%clk
01:29:55]} {[%emt 00:00:33]} 4. e3 {[%clk 01:30:48]} {[%emt 00:00:50]} a6
{[%clk 01:29:25]} {[%emt 00:01:00]} 5. Nbd2 {[%clk 01:28:01]} {[%emt 00:03:18]}
b5 {[%clk 01:29:17]} {[%emt 00:00:36]} 6. c3 {[%clk 01:27:24]} {[%emt
00:01:08]} Bb7 {[%clk 01:29:29]} {[%emt 00:00:18]} 7. Bd3 {[%clk 01:27:08]}
{[%emt 00:00:46]} d5 {[%clk 01:29:29]} {[%emt 00:00:30]} 8. O-O {[%clk
01:26:58]} {[%emt 00:00:40]} Nbd7 {[%clk 01:29:52]} {[%emt 00:00:07]} 9. Ne5
{[%clk 01:26:25]} {[%emt 00:01:03]} Be7 {[%clk 01:28:03]} {[%emt 00:02:19]} 10.
Re1 {[%clk 01:23:52]} {[%emt 00:03:03]} O-O {[%clk 01:28:03]} {[%emt 00:00:30]}
11. Rc1 {[%clk 01:13:12]} {[%emt 00:11:10]} c4 {[%clk 01:26:04]} {[%emt
00:02:29]} 12. Bb1 {[%clk 01:13:02]} {[%emt 00:00:40]} Ne4 {[%clk 01:25:47]}
{[%emt 00:00:47]} 13. Nxe4 {[%clk 01:08:26]} {[%emt 00:05:06]} dxe4 {[%clk
01:25:45]} {[%emt 00:00:31]} 14. Nxd7 {[%clk 00:58:04]} {[%emt 00:10:54]} Qxd7
{[%clk 01:25:35]} {[%emt 00:00:37]} 15. Qg4 {[%clk 00:45:16]} {[%emt 00:13:19]}
f5 {[%clk 01:25:26]} {[%emt 00:00:39]} 16. Qe2 {[%clk 00:41:00]} {[%emt
00:04:43]} Rf6 {[%clk 01:24:52]} {[%emt 00:01:07]} 17. Bc2 {[%clk 00:26:02]}
{[%emt 00:15:28]} Bd5 {[%clk 01:22:34]} {[%emt 00:02:49]} 18. Bd1 {[%clk
00:25:30]} {[%emt 00:01:01]} Bd6 {[%clk 01:22:00]} {[%emt 00:01:05]} 19. Bg3
{[%clk 00:24:08]} {[%emt 00:01:52]} Bxg3 {[%clk 01:20:58]} {[%emt 00:01:32]}
20. fxg3 {[%clk 00:24:08]} {[%emt 00:00:30]} Rh6 {[%clk 01:19:29]} {[%emt
00:01:59]} 21. Qf2 {[%clk 00:21:54]} {[%emt 00:02:44]} Qc7 {[%clk 01:17:02]}
{[%emt 00:02:57]} 22. Qf4 {[%clk 00:17:34]} {[%emt 00:04:50]} 1/2-1/2

[Event "DEM U12 2025"]
[Site "Willingen GER"]
[Date "2025.06.13"]
[Round "8"]
[White "Fadeev, Justin Michael"]
[Black "Gusev, Daniil"]
[Result "0-1"]
[Termination "normal"]
[Board "33"]
[WhiteElo "2060"]
[BlackElo "1890"]
[WhiteClock "00:30:41"]
[BlackClock "00:58:49"]
[PlyCount "94"]
[WhiteFideId "34602968"]
[BlackFideId "55683886"]
[EventCountry "GER"]
[EventRounds "9"]
[EventType "swiss"]
[EventDate "2025.06.07"]

1. e4 {[%clk 01:30:58]} {[%emt 00:00:02]} c5 {[%clk 01:30:57]} {[%emt
00:00:03]} 2. Nf3 {[%clk 01:31:22]} {[%emt 00:00:05]} e6 {[%clk 01:31:24]}
{[%emt 00:00:04]} 3. d3 {[%clk 01:31:20]} {[%emt 00:00:32]} d5 {[%clk
01:31:15]} {[%emt 00:00:39]} 4. Nbd2 {[%clk 01:31:26]} {[%emt 00:00:24]} Nc6
{[%clk 01:31:29]} {[%emt 00:00:17]} 5. g3 {[%clk 01:31:40]} {[%emt 00:00:15]}
g6 {[%clk 01:31:17]} {[%emt 00:00:43]} 6. Bg2 {[%clk 01:31:57]} {[%emt
00:00:13]} Bg7 {[%clk 01:31:39]} {[%emt 00:00:07]} 7. O-O {[%clk 01:32:01]}
{[%emt 00:00:26]} Nge7 {[%clk 01:32:04]} {[%emt 00:00:05]} 8. Re1 {[%clk
01:30:26]} {[%emt 00:02:05]} O-O {[%clk 01:31:15]} {[%emt 00:01:18]} 9. c3
{[%clk 01:27:25]} {[%emt 00:03:31]} Rb8 {[%clk 01:26:58]} {[%emt 00:04:47]} 10.
e5 {[%clk 01:21:01]} {[%emt 00:06:54]} b5 {[%clk 01:26:05]} {[%emt 00:01:24]}
11. d4 {[%clk 01:19:49]} {[%emt 00:01:42]} cxd4 {[%clk 01:21:32]} {[%emt
00:05:03]} 12. cxd4 {[%clk 01:20:09]} {[%emt 00:00:10]} f6 {[%clk 01:21:56]}
{[%emt 00:00:06]} 13. exf6 {[%clk 01:16:39]} {[%emt 00:04:00]} Bxf6 {[%clk
01:20:34]} {[%emt 00:01:52]} 14. Nb3 {[%clk 01:16:38]} {[%emt 00:00:31]} Nf5
{[%clk 01:20:29]} {[%emt 00:00:35]} 15. Bf4 {[%clk 01:14:06]} {[%emt 00:03:01]}
Ra8 {[%clk 01:20:01]} {[%emt 00:00:59]} 16. Ne5 {[%clk 01:07:04]} {[%emt
00:07:32]} Nce7 {[%emt 00:16:32]} 17. Ng4 {[%clk 00:56:13]} {[%emt 00:10:10]}
Bg7 {[%clk 01:01:40]} {[%emt 00:03:59]} 18. Be5 {[%clk 00:54:55]} {[%emt
00:01:48]} Bxe5 {[%clk 01:01:35]} {[%emt 00:00:36]} 19. Nxe5 {[%clk 00:54:45]}
{[%emt 00:00:40]} Nd6 {[%clk 01:01:03]} {[%emt 00:01:02]} 20. h4 {[%clk
00:50:17]} {[%emt 00:04:58]} Nef5 {[%clk 00:59:23]} {[%emt 00:02:10]} 21. h5
{[%clk 00:47:33]} {[%emt 00:03:13]} g5 {[%clk 00:57:38]} {[%emt 00:02:16]} 22.
Qe2 {[%clk 00:38:15]} {[%emt 00:09:47]} Nc4 {[%clk 00:47:44]} {[%emt 00:10:25]}
23. Rad1 {[%clk 00:31:54]} {[%emt 00:06:50]} Qd6 {[%clk 00:46:29]} {[%emt
00:01:46]} 24. Qg4 {[%clk 00:23:22]} {[%emt 00:09:01]} h6 {[%clk 00:46:23]}
{[%emt 00:00:38]} 25. Nxc4 {[%clk 00:17:22]} {[%emt 00:06:31]} bxc4 {[%clk
00:46:23]} {[%emt 00:00:29]} 26. Nc5 {[%clk 00:17:49]} {[%emt 00:00:04]} Rb8
{[%clk 00:46:26]} {[%emt 00:00:27]} 27. Rd2 {[%clk 00:17:00]} {[%emt 00:01:19]}
Ng7 {[%clk 00:36:10]} {[%emt 00:10:46]} 28. Re5 {[%clk 00:15:11]} {[%emt
00:02:19]} Rf5 {[%clk 00:35:30]} {[%emt 00:01:11]} 29. Rde2 {[%clk 00:13:56]}
{[%emt 00:01:44]} Rxe5 {[%clk 00:33:35]} {[%emt 00:02:25]} 30. Rxe5 {[%clk
00:14:21]} {[%emt 00:00:05]} Rxb2 {[%clk 00:33:33]} {[%emt 00:00:33]} 31. Bxd5
{[%clk 00:14:20]} {[%emt 00:00:31]} Qf8 {[%clk 00:33:51]} {[%emt 00:00:12]} 32.
Bf3 {[%clk 00:13:17]} {[%emt 00:01:33]} c3 {[%clk 00:34:01]} {[%emt 00:00:20]}
33. Re1 {[%clk 00:08:47]} {[%emt 00:05:00]} c2 {[%clk 00:33:28]} {[%emt
00:01:03]} 34. Nb3 {[%clk 00:06:03]} {[%emt 00:03:13]} Rb1 {[%clk 00:33:40]}
{[%emt 00:00:19]} 35. Kf1 {[%clk 00:05:58]} {[%emt 00:00:35]} Qa3 {[%clk
00:33:17]} {[%emt 00:00:53]} 36. Qe4 {[%clk 00:04:17]} {[%emt 00:02:11]} Rxb3
{[%clk 00:32:45]} {[%emt 00:01:03]} 37. axb3 {[%clk 00:02:36]} {[%emt
00:02:10]} c1=Q {[%clk 00:33:04]} {[%emt 00:00:12]} 38. Rxc1 {[%clk 00:03:01]}
{[%emt 00:00:04]} Qxc1+ {[%clk 00:33:29]} {[%emt 00:00:05]} 39. Kg2 {[%clk
00:03:28]} {[%emt 00:00:03]} Qc7 {[%clk 00:30:52]} {[%emt 00:03:07]} 40. d5
{[%clk 00:01:47]} {[%emt 00:02:12]} exd5 {[%clk 00:26:54]} {[%emt 00:04:28]}
41. Qxd5+ {[%clk 00:01:55]} {[%emt 00:00:21]} Kh8 {[%clk 00:27:13]} {[%emt
00:00:12]} 42. Qe4 {[%clk 00:01:01]} {[%emt 00:01:24]} g4 {[%clk 00:27:16]}
{[%emt 00:00:26]} 43. Qg6 {[%clk 00:30:00]} {[%emt 00:01:01]} gxf3+ {[%clk
00:57:39]} {[%emt 00:00:08]} 44. Kh2 {[%clk 00:30:56]} {[%emt 00:00:04]} Qd7
{[%clk 00:57:51]} {[%emt 00:00:18]} 45. Qxh6+ {[%clk 00:31:06]} {[%emt
00:00:19]} Kg8 {[%clk 00:58:18]} {[%emt 00:00:03]} 46. g4 {[%clk 00:30:55]}
{[%emt 00:00:42]} Qxg4 {[%clk 00:58:24]} {[%emt 00:00:23]} 47. Qg6 {[%clk
00:30:41]} {[%emt 00:00:45]} Qxh5+ {[%clk 00:58:49]} {[%emt 00:00:05]} 0-1